LEADER 01274nam--2200385---450- 001 990003321330203316 005 20090929150552.0 010 $a978-88-6288-034-3 035 $a000332133 035 $aUSA01000332133 035 $a(ALEPH)000332133USA01 035 $a000332133 100 $a20090929h2009----km-y0itay50------ba 101 $aita 102 $aIT 105 $a||||||||001yy 200 1 $a<> rivoluzione dell'informazione deigitale in rete$ecome Internet sta cambiando il modo di fare giornalismo$fMarco Marsili$gprefazione Gianpiero Gamaleri$gpostfazione Massimo Esposti 210 $aBologna$cOdoya$d2009 215 $a379 p.$d24 cm 225 2 $aOdoya Media e Società$v6 410 0$12001$aOdoya Media e Società$v6 606 0 $aInternet$xImpiego [nel] Giornalismo$2BNCF 676 $a070.40285 700 1$aMARSILI,$bMarco$0117986 702 1$aGAMALERI,$bGianpiero 702 1$aESPOSTI,$bMassimo 801 0$aIT$bsalbc$gISBD 912 $a990003321330203316 951 $aIV.1. 1252$b216984 L.M.$cIV.1.$d00228437 959 $aBK 969 $aUMA 979 $aPAOLA$b90$c20090929$lUSA01$h1501 979 $aPAOLA$b90$c20090929$lUSA01$h1505 996 $aRivoluzione dell'informazione deigitale in rete$91121333 997 $aUNISA LEADER 01848nas 2200589-a 450 001 996321402703316 005 20230227213019.0 035 $a(DE-599)ZDB2472464-6 035 $a(OCoLC)335321340 035 $a(CKB)1000000000717869 035 $a(CONSER)--2011237251 035 $a(EXLCZ)991000000000717869 100 $a20090428a20089999 --- a 101 0 $aeng 135 $aur||||||||||| 181 $ctxt$2rdacontent 182 $cc$2rdamedia 183 $acr$2rdacarrier 200 04$aThe application of clinical genetics 210 $a[Auckland, N.Z.] $cDove Medical Press 300 $aRefereed/Peer-reviewed 300 $aArchived by the National Library of New Zealand. 300 $aHypertext links contained in the archived instances of this title are non-functional.$5Nz 311 $a1178-704X 531 $aAPPLICATION OF CLINICAL GENETICS 531 $aAPPL CLIN GENET 531 1 $aAppl. clin. genet. 606 $aMedical genetics$vPeriodicals 606 $aHuman genetics$vPeriodicals 606 $aGenetic disorders$vPeriodicals 606 $aGenetics, Medical 606 $aGenetic disorders$2fast$3(OCoLC)fst00940009 606 $aHuman genetics$2fast$3(OCoLC)fst00963075 606 $aMedical genetics$2fast$3(OCoLC)fst01014133 608 $aPeriodical. 608 $aFulltext. 608 $aInternet Resources. 608 $aPeriodicals. 608 $aPeriodicals.$2fast 610 $aPathology 615 0$aMedical genetics 615 0$aHuman genetics 615 0$aGenetic disorders 615 12$aGenetics, Medical. 615 7$aGenetic disorders. 615 7$aHuman genetics. 615 7$aMedical genetics. 676 $a616.042 906 $aJOURNAL 912 $a996321402703316 996 $aThe application of clinical genetics$92308759 997 $aUNISA